| 000 -CABECERA |
| fixed length control field |
00969nam a22002177a 4500 |
| 003 - IDENTIFICADOR DEL NÚMERO DE CONTROL |
| control field |
AR-CdUCM |
| 008 - DATOS DE LONGITUD FIJA--INFORMACIÓN GENERAL |
| fixed length control field |
190427b ||||| |||| 00| 0 spa d |
| 040 ## - FUENTE DE LA CATALOGACIÓN |
| Agencia/entidad que catalogó originalmente la obra |
MUNICIPALIDAD PROVINCIAL DEL CUSCO |
| Entidad que transcribió la catalogación |
BIBLIOTECA MUNICIPAL DEL CUSCO |
| 082 ## - NÚMERO DE LA CLASIFICACIÓN DECIMAL DEWEY |
| No. de Clasificación |
332.47 / |
| Notacion interna |
P4 / 1919 |
| 110 ## - ENTRADA PRINCIPAL--NOMBRE DE ENTIDAD CORPORATIVA |
| Nombre de la institución, jurisdicción como entrada principal |
Ministerio de hacienda |
| 9 (RLIN) |
34593 |
| 245 ## - MENCIÓN DE TÍTULO |
| Título |
Legislación monetaria : |
| Resto del título |
compilación de leyes y resoluciones supremas sobre la moneda peruana que comprende desde la adopción del sistema monetario del año 1863 hasta principios de 1919 / |
| 260 ## - PUBLICACIÓN, DISTRIBUCIÓN, ETC. |
| Lugar de publicación, distribución, etc. |
Lima : |
| Nombre de la editorial, distribuidor, etc. |
Casa Nacional de la Moneda, |
| Fecha de publicación, distribución, etc. |
1919. |
| 300 ## - DESCRIPCIÓN FÍSICA |
| Nº de Páginas Extensión |
151 páginas ; |
| Otros detalles físicos |
Ilustraciones, |
| Dimensiones |
25 cm. |
| 505 ## - NOTA DE CONTENIDO CON FORMATO |
| Nota de contenido formateada |
Contenido: Legislación monetaria -- Disposiciones sobre moneda -- La casa de la moneda de Lima. |
| 650 ## - PUNTO DE ACCESO ADICIONAL DE MATERIA--TÉRMINO DE MATERIA |
| Descriptor |
Moneda |
| 9 (RLIN) |
5487 |
| 650 ## - PUNTO DE ACCESO ADICIONAL DE MATERIA--TÉRMINO DE MATERIA |
| Descriptor |
Legislación |
| 9 (RLIN) |
2962 |
| 650 ## - PUNTO DE ACCESO ADICIONAL DE MATERIA--TÉRMINO DE MATERIA |
| Descriptor |
Perú |
| 9 (RLIN) |
35 |
| 942 ## - ELEMENTOS DE PUNTO DE ACCESO ADICIONAL (KOHA) |
| Fuente de clasificación |
|
| Tipo de item |
Libros-BMC |
| 945 ## - PROCESAMIENTO DE INFORMACIÓN LOCAL (OCLC) |
| Catalogador |
acv |
| AAAA-MM-DD - Fecha de ingreso o modificacion |
2019-04-27 |